000 01493cam a2200241 4500500
005 20260201125848.0
041 _afre
042 _adc
100 1 0 _aLaffort, Bruno
_eauthor
700 1 0 _aJannet, Zouheir Ben
_eauthor
245 0 0 _aDans les oliveraies d’Espagne et de Tunisie
260 _c2026.
500 _a9
520 _aAu nord comme au sud du Bassin méditerranéen, ce sont aujourd’hui les immigrés – et tout particulièrement les Subsahariens – qui réalisent les travaux les plus ingrats que les locaux délaissent, notamment les travaux agricoles. Depuis longtemps au « Nord », en Espagne et en Italie, et plus récemment au « Sud », en Tunisie, ces travailleurs sont devenus les derniers serfs de notre économie globalisée. Si, en Espagne, un accueil minimal persiste durant la période de récolte des olives, ce n’est pas le cas en Tunisie où l’État mène une politique répressive à leur encontre. Un reportage de terrain socio-ethnographique à deux voix, réalisé entre 2008 et 2025, propose de suivre le quotidien des travailleurs subsahariens des deux côtés de la Méditerranée.
690 _aEspagne
690 _amigrants
690 _anotes de terrain
690 _aolives
690 _atravailleurs
690 _aTunisie
786 0 _nMondes & Migrations | - | 1 | 2026-01-06 | p. 161-169 | 3075-6812
856 4 1 _uhttps://shs.cairn.info/revue-mondes-migrations-2026-1-page-161?lang=fr&redirect-ssocas=7080
999 _c1642259
_d1642259